Eden burning / Elizabeth Lowell.
Record details
- ISBN: 006621274x
- ISBN: 0380789957
- Physical Description: 336 pages ; 24 cm.
- Edition: 1st edition
- Publisher: New York : William Morrow, c2002.
Search for related items by subject
| Genre: | Romantic suspense fiction. |
Available copies
- 1 of 1 copy available at scottsboropl.
Holds
- 0 current holds with 1 total copy.
Show Only Available Copies
| Location | Call Number / Copy Notes | Barcode | Shelving Location | Status | Due Date |
|---|---|---|---|---|---|
| scottsboropl | F Low | 32269000859036 | Adult - Fiction | Available | - |
| LDR | 00691cam a2200217 a 4500 | ||
|---|---|---|---|
| 001 | 117283 | ||
| 003 | CONS | ||
| 005 | 20140703092815.0 | ||
| 008 | 010108s2002 nyu e 000 1 eng u | ||
| 020 | . | ‡a006621274x | |
| 020 | . | ‡a0380789957 | |
| 035 | . | ‡a(CPomAG)LMN313687 | |
| 050 | 0. | ‡aPS3562.O8847 ‡bE44 2002 | |
| 100 | 1 | . | ‡aLowell, Elizabeth, ‡d1944- |
| 245 | 1 | 0. | ‡aEden burning / ‡cElizabeth Lowell. |
| 250 | . | ‡a1st edition | |
| 260 | . | ‡aNew York : ‡bWilliam Morrow, ‡cc2002. | |
| 300 | . | ‡a336 pages ; ‡c24 cm. | |
| 655 | 7. | ‡aRomantic suspense fiction. ‡2gsafd | |
| 959 | . | ‡i32269000859036 ‡lF Low ‡aAdult - Fiction ‡tFiction ‡g21.00 | |
| 852 | . | ‡p32269000859036 ‡jF Low ‡gAdult - Fiction ‡cFiction ‡y21.00 ‡bSBPL | |
| 901 | . | ‡a117283 ‡bUnknown ‡c117283 ‡tbiblio | |